The Bakken and Englewood Formations of North Dakota and northwestern South Dakota. (Record no. 29743)

MARC details
000 -LEADER
fixed length control field 00916cam a22002891 4500
001 - CONTROL NUMBER
control field gs 63000283
003 - CONTROL NUMBER IDENTIFIER
control field DLC
005 - DATE AND TIME OF LATEST TRANSACTION
control field 20260227111413.0
008 - FIXED-LENGTH DATA ELEMENTS--GENERAL INFORMATION
fixed length control field 790425s1963 nduab b s000 0 eng c
010 ## - LIBRARY OF CONGRESS CONTROL NUMBER
LC control number gs 63000283
035 ## - SYSTEM CONTROL NUMBER
System control number (OCoLC)4893313
040 ## - CATALOGING SOURCE
Original cataloging agency U.S. Geol. Survey. Libr.
Transcribing agency MnMohC
Modifying agency DLC
042 ## - AUTHENTICATION CODE
Authentication code premarc
043 ## - GEOGRAPHIC AREA CODE
Geographic area code n-us-nd
050 00 - LIBRARY OF CONGRESS CALL NUMBER
Classification number QE672
Item number .K8
100 1# - MAIN ENTRY--PERSONAL NAME
Personal name Kume, Jack.
245 14 - TITLE STATEMENT
Title The Bakken and Englewood Formations of North Dakota and northwestern South Dakota.
260 ## - PUBLICATION, DISTRIBUTION, ETC.
Place of publication, distribution, etc. Grand Forks, N.D.,
Date of publication, distribution, etc. 1963.
300 ## - PHYSICAL DESCRIPTION
Extent vii, 87 p.
Other physical details illus., maps.
Dimensions 23 cm.
410 20 - SERIES STATEMENT/ADDED ENTRY--CORPORATE NAME [OBSOLETE, CAN/MARC], [LOCAL, USA]
Corporate name or jurisdiction name as entry element North Dakota Geological Survey.
Title of a work Bulletin
Volume number/sequential designation 39
500 ## - GENERAL NOTE
General note Part of illustrative matter fold. in pocket.
504 ## - BIBLIOGRAPHY, ETC. NOTE
Bibliography, etc. note Bibliography: p. 54-57.
650 #0 - SUBJECT ADDED ENTRY--TOPICAL TERM
Topical term or geographic name entry element Geology
Geographic subdivision North Dakota.
650 #0 - SUBJECT ADDED ENTRY--TOPICAL TERM
Topical term or geographic name entry element Geology
Geographic subdivision South Dakota.
650 #0 - SUBJECT ADDED ENTRY--TOPICAL TERM
Topical term or geographic name entry element Geology, Stratigraphic
Chronological subdivision Mississippian.
650 #0 - SUBJECT ADDED ENTRY--TOPICAL TERM
Topical term or geographic name entry element Geology
Geographic subdivision Montana.

No items available.

Powered by Koha